Znalostní modelování a jeho aplikace
Interný grant Vysokej školy polytechnickej "Znalostné modelovanie a jeho aplikácia". Tvorba modelov a modelovanie. Niekoľko tém z grantu: Znalostný prístup k strategickému plánovaniu výkonnosti hotela. Kvalita v zdravotníctve. Metódy a nástroje riadenia jazyka v organizácii. Kvalita vo vysokoškolsko...
Uložené v:
| Hlavný autor: | |
|---|---|
| Médium: | Kapitola |
| Jazyk: | Czech |
| Predmet: | |
| Tagy: |
Žiadne tagy, Buďte prvý, kto otaguje tento záznam!
|
MARC
| LEADER | 00000nla a2200000 4500 | ||
|---|---|---|---|
| 001 | 0197129 | ||
| 005 | 20240417075053.1 | ||
| 041 | 0 | |a cze | |
| 044 | |a CZ | ||
| 245 | 1 | 0 | |a Znalostní modelování a jeho aplikace |c Hana Vojáčková |
| 520 | |a Interný grant Vysokej školy polytechnickej "Znalostné modelovanie a jeho aplikácia". Tvorba modelov a modelovanie. Niekoľko tém z grantu: Znalostný prístup k strategickému plánovaniu výkonnosti hotela. Kvalita v zdravotníctve. Metódy a nástroje riadenia jazyka v organizácii. Kvalita vo vysokoškolskom vzdelávaní. Výsledky jednotlivých tém grantu a diskusia. | ||
| 610 | 2 | 0 | |a modelovanie |
| 610 | 2 | 0 | |a modely |
| 610 | 2 | 0 | |a granty |
| 610 | 2 | 0 | |a školy vysoké |
| 610 | 2 | 0 | |a zdravotníctvo |
| 610 | 2 | 0 | |a kvalita vzdelávania |
| 610 | 2 | 0 | |a hotely |
| 610 | 2 | 0 | |a plánovanie |
| 100 | 1 | |a Vojáčková, Hana | |